Загрузка...

Cocoa

Библиографические подробности
Главный автор: Wood G A R
Другие авторы: lass r a
Формат: Printed Book
Язык:Undetermined
Опубликовано: England Longman group ltd 1985
Предметы:
LEADER 00571nam a2200181Ia 4500
008 140316s9999 xx 000 0 und d
020 |a 0582463521 
082 |a 633.74  |b WOO/CO 
100 |a Wood G A R 
245 |a Cocoa 
260 |a England  |b Longman group ltd  |c 1985 
300 |a 620 
650 |a cocoa propagation 
650 |a Insect pest of cocoa 
700 |a lass r a 
942 |2 ddc  |c BK 
999 |c 2159  |d 2159 
952 |0 0  |1 0  |2 ddc  |4 0  |6 633_740000000000000_WOOCO  |7 0  |9 2460  |a KAUCLV  |b KAUCLV  |c GENERAL  |d 2014-03-18  |l 13  |o 633.74 WOO/CO  |p 204405  |r 2019-01-24  |s 2019-01-07  |w 2014-03-18  |y BK